000 00639nam a2200217Ia 4500
005 20250508154528.0
008 008 250505s9999 xx 000 0 eng d
037 _aBooks to be hide in OPAC
040 _aFEDL
_beng
_cFEDL
041 _aeng
_2eng
084 _a001.42, SCO
_qFEDL
100 _aScott William A
245 0 _aIntroduction to psychological research
260 _aNew York, USA
_bJohn Wiley and Sons
_c1962
300 _axiii,445p.
365 _aINR
_b425
650 _aPsychological Research
_9765587
700 _a Wertheimer Michael
_9765588
942 _cHB
_h001.42, SCO
999 _c1350779
_d1350779